Nearest World Capitals #3 - Statistics

General Stats
  • This quiz has been taken 69 times
  • The average score is 16 of 20
Answer Stats
city capital % Correct
London Brussels
92%
Beijing Pyongyang
92%
Berlin Prague
90%
Addis Ababa Djibouti
88%
Abu Dhabi Doha
88%
Damascus Beirut
86%
Amman Jerusalem
86%
Brasília Asunción
81%
Monaco Bern
81%
Moscow Minsk
81%
Mexico City Guatemala City
80%
Jakarta Singapore
80%
Rome Vatican City
80%
Tokyo Seoul
75%
Nassau Havana
71%
Vientiane Hanoi
69%
Stockholm Tallinn
68%
Rabat Lisbon
66%
Harare Lusaka
61%
Suva Nuku'alofa
37%
No matching quizzes found
Score Distribution
Percent of People with Each Score
Percentile by Number Answered
Your Score History
You have not taken this quiz